The change-up [DVD/videorecording] / Universal ... Read More
Record details
- ISBN: 9786314506872
- Physical Description: 1 videodisc (113 min., 118 min.) : sd., col. ; 4 ... Read More
- Publisher: Universal City, CA : Universal Studios Home Entertainment, c2011.
Content descriptions
| General Note: | Includes R rated (113 min.) version and the unrated (118 min.) version. "This unrated version ... Read More DVD release of the 2011 motion picture. Special features include: deleted scene ; gag reel ; making-of featurette ; feature commentary ; and ... Read More |
| Creation/Production Credits Note: | Director of photography, Eric Edwards ; edited by ... Read More |
| Participant or Performer Note: | Ryan Reynolds, Jason Bateman, Leslie Mann, Olivia ... Read More |
| Summary, etc.: | Growing up together, Mitch and Dave were ... Read More |
| Target Audience Note: | MPAA rating: R ; also includes the unrated ... Read More |
| System Details Note: | DVD ; widescreen version ; NTSC ; Dolby Digital ... Read More |
| Language Note: | In English, dubbed French or dubbed Spanish, with ... Read More English subtitles for the deaf and hard of hearing ... Read More |
Search for related items by subject
| Subject: | Male friendship > Drama. Amistad > Teatro. Hombres > Teatro. Comedy |
| LDR | 03925cgm a2200733Ia 4500 | ||
|---|---|---|---|
| 001 | 136763 | ||
| 003 | LARL_NWRL_CONSORTIUM | ||
| 005 | 20111128100048.0 | ||
| 007 | vd cvaizq | ||
| 008 | 110907s2011 cau113 vleng d | ||
| 019 | . | ‡a759520721 | |
| 020 | . | ‡a9786314506872 | |
| 024 | 1 | . | ‡a025192075971 |
| 024 | 1 | . | ‡a025192119736 |
| 028 | 4 | 2. | ‡a61120315 ‡bUniversal Studios Home Entertainment |
| 028 | 4 | 2. | ‡a61115575 ‡bUniversal Studios Home Entertainment |
| 035 | . | ‡a(OCoLC)750288918 ‡z(OCoLC)759520721 | |
| 037 | . | ‡bMidwest Tape ‡nhttp://www.midwesttapes.com | |
| 040 | . | ‡aLPU ‡cLPU ‡dTEF ‡dBTCTA ‡dTEF ‡dKYB ‡dTEFMT ‡dBKX ‡dMR0 ‡dTEF ‡dIHY ‡dZHX | |
| 041 | 1 | . | ‡aeng ‡afre ‡aspa ‡jeng ‡jfre ‡jspa ‡heng |
| 050 | 4. | ‡aPN1997.2 ‡b.C43 2011 | |
| 082 | 0 | 4. | ‡a791.43/72 ‡223 |
| 245 | 0 | 4. | ‡aThe change-up ‡h[DVD/videorecording] / ‡cUniversal Pictures presents ; produced by David Dobkin, Neal H. Moritz ; written by Jon Lucas & Scott Moore ; directed by David Dobkin. |
| 246 | 3 | . | ‡aChangeup |
| 246 | 1 | . | ‡iFrench title: ‡aLui c'est moi |
| 260 | . | ‡aUniversal City, CA : ‡bUniversal Studios Home Entertainment, ‡cc2011. | |
| 300 | . | ‡a1 videodisc (113 min., 118 min.) : ‡bsd., col. ; ‡c4 3/4 in. | |
| 500 | . | ‡aIncludes R rated (113 min.) version and the unrated (118 min.) version. "This unrated version contains material different from the original R rated version."--Container. | |
| 500 | . | ‡aDVD release of the 2011 motion picture. | |
| 538 | . | ‡aDVD ; widescreen version ; NTSC ; Dolby Digital 5.1 ; region 1. | |
| 546 | . | ‡aIn English, dubbed French or dubbed Spanish, with optional Spanish or French subtitles. | |
| 546 | . | ‡aEnglish subtitles for the deaf and hard of hearing (SDH); audio described. | |
| 511 | 1 | . | ‡aRyan Reynolds, Jason Bateman, Leslie Mann, Olivia Wilde, Alan Arkin, Mircea Monroe, Gregory Itzin. |
| 508 | . | ‡aDirector of photography, Eric Edwards ; edited by Lee Haxall, Greg Hayden ; music by John Debney. | |
| 521 | 8 | . | ‡aMPAA rating: R ; also includes the unrated version. |
| 520 | . | ‡aGrowing up together, Mitch and Dave were inseparable best friends, but slowly drifted apart. While Dave is an overworked lawyer, husband and father of three, Mitch has remained a single, quasi-employed man-child. Both guys seem to think the other has it made. Following a drunken night out together, Mitch and Dave's worlds are turned upside down when they wake up in each other's bodies. The guys soon discover that each other's lives are nowhere near as rosy as they once seemed. | |
| 500 | . | ‡aSpecial features include: deleted scene ; gag reel ; making-of featurette ; feature commentary ; and more. | |
| 650 | 0. | ‡aMale friendship ‡vDrama. ‡0(LARL_NWRL_CONSORTIUM)166007 | |
| 650 | 7. | ‡aAmistad ‡vTeatro. ‡2bidex | |
| 650 | 7. | ‡aHombres ‡vTeatro. ‡2bidex | |
| 650 | 4. | ‡aComedy ‡0(LARL_NWRL_CONSORTIUM)17224 | |
| 655 | 7. | ‡aFeature films. ‡2lcgft ‡0(LARL_NWRL_CONSORTIUM)175625 | |
| 655 | 7. | ‡aComedy films. ‡2lcgft ‡0(LARL_NWRL_CONSORTIUM)175650 | |
| 655 | 7. | ‡aVideo recordings for the hearing impaired. ‡2lcgft ‡0(LARL_NWRL_CONSORTIUM)175744 | |
| 655 | 7. | ‡aVideo recordings for people with visual disabilities. ‡2lcgft ‡0(LARL_NWRL_CONSORTIUM)175745 | |
| 655 | 0. | ‡aFeature films. ‡0(LARL_NWRL_CONSORTIUM)175625 | |
| 655 | 0. | ‡aVideo recordings for the hearing impaired. ‡0(LARL_NWRL_CONSORTIUM)175744 | |
| 655 | 0. | ‡aVideo recordings for people with visual disabilities. ‡0(LARL_NWRL_CONSORTIUM)175745 | |
| 700 | 1 | . | ‡aDobkin, David, ‡d1969- ‡0(LARL_NWRL_CONSORTIUM)149774 |
| 700 | 1 | . | ‡aReynolds, Ryan. ‡0(LARL_NWRL_CONSORTIUM)151342 |
| 700 | 1 | . | ‡aBateman, Jason. ‡0(LARL_NWRL_CONSORTIUM)207933 |
| 700 | 1 | . | ‡aMann, Leslie, ‡d1972- ‡0(LARL_NWRL_CONSORTIUM)147948 |
| 700 | 1 | . | ‡aWilde, Olivia. ‡0(LARL_NWRL_CONSORTIUM)198128 |
| 700 | 1 | . | ‡aArkin, Alan. ‡0(LARL_NWRL_CONSORTIUM)57341 |
| 700 | 1 | . | ‡aMonroe, Mircea. |
| 700 | 1 | . | ‡aItzin, Gregory. ‡0(LARL_NWRL_CONSORTIUM)208172 |
| 710 | 2 | . | ‡aUniversal Studios Home Entertainment (Firm) ‡0(LARL_NWRL_CONSORTIUM)210736 |
| 948 | . | ‡hNO HOLDINGS IN LAL - 427 OTHER HOLDINGS | |
| 994 | . | ‡aZ0 ‡bLAL | |
| 901 | . | ‡a136763 ‡bOCLC ‡c136763 ‡tbiblio | |

Add to basket
Permalink
Disable Highlighting